Στα ίχνη του Δομήνικου Θεοτοκόπουλου : κατάλογος έκθεσης τεκμηρίων για τη ζωή και το έργο του : αίθουσα "Θεοτοκόπουλος" (1 Σεπτεμβρίου - 10 Οκτωβρίου) = In search of El Greco : exhibition catalogue of documents on his life and work : "Theotocopoulos" Room (1st September - 10 October)

Αποθηκεύτηκε σε:
Λεπτομέρειες βιβλιογραφικής εγγραφής
Άλλοι συγγραφείς: Κωνσταντίνου, Ιωάννα (curf), Χατζηνικολάου, Νίκος, 1935-, Ξυλούρης, Γιώργος (Φωτογράφος)
Μορφή: Βιβλίο
Γλώσσα:Greek
English
Δημοσίευση: Ηράκλειον Κρήτης : Δήμος Ηρακλείου - Βικελαία Βιβλιοθήκη, 1990.
Θέματα:
Ετικέτες: Προσθήκη ετικέτας
Δεν υπάρχουν, Καταχωρήστε ετικέτα πρώτοι!

MARC

LEADER 00000cam a2200000 i 4500
001 1/35322
008 030417s1990 gr | ||| |||| ||gre||
035 |l 10069858 
040 |a GR-MyUa  |b gre  |e AACR2 
041 0 |a gre  |a eng 
082 7 |a 700.92   |2 (21) 
245 0 0 |a Στα ίχνη του Δομήνικου Θεοτοκόπουλου :   |b κατάλογος έκθεσης τεκμηρίων για τη ζωή και το έργο του : αίθουσα "Θεοτοκόπουλος" (1 Σεπτεμβρίου - 10 Οκτωβρίου) = In search of El Greco : exhibition catalogue of documents on his life and work : "Theotocopoulos" Room (1st September - 10 October) /   |c καλλιτεχνική επιμέλεια της έκθεσης: Ιωάννα Κωνσταντίνου ; κείμενα: Ν. Χατζηνικολάου ; μεταφράσεις από τα ελληνικά: Μαρίκα Ζεϊμπέκη ; φωτογραφίες: Γιώργος Ξυλούρης = artistic design and lay-out of the exhibition: Ioanna Konstantinou ; texts: N. Hadjinicolaou ; translation from the Greek: Marika Zeimbeki ; photographs: George Xylouris. 
246 1 |i Παράλληλος τίτλος:   |a In search of El Greco :   |b exhibition catalogue of documents on his life and work : "Theotocopoulos" Room (1st September - 10 October) 
260 |a Ηράκλειον Κρήτης :   |b Δήμος Ηρακλείου - Βικελαία Βιβλιοθήκη,   |c 1990. 
300 |a 92 σ. :   |b έγχρ. εικ. ;   |c 24 εκ. 
600 1 7 |2 nlgaf  |a Θεοτοκόπουλος, Δομήνικος,   |d 1541-1614. 
650 0 |a Painters  |z Greece  |x Exhibitions. 
650 0 |a Painting, Renaissance  |z Greece. 
650 0 |a Painting, Renaissance  |z Spain. 
700 1 |a Κωνσταντίνου, Ιωάννα,  |e curf 
700 1 |a Χατζηνικολάου, Νίκος,   |d 1935- 
700 1 |a Ξυλούρης, Γιώργος,  |e pht 
852 |a INST  |b SYROS  |e 20030417  |h 700.92 ΘΕΟ  |p 005500003468  |q 005500003468  |t BK  |y 0 
901 |a BIBL5-2003-1 
970 |a Μανωλαράκη  |b Μαρία  |z 17/04/2003